000 02386nam a2200349 a 4500
001 ASIN0415638410
005 20170105102904.0
008 131021s2012 xxu eng d
020 _a0415638410 (hardcover)
_c$135.00
020 _a9780415638418 (hardcover)
040 _a0
050 0 4 _aHV6431
082 0 4 _a363.325
245 1 0 _aLessons and legacies of the war on terror :
_bfrom moral panic to permanent war /
_cGershon Shafir, Everard Meade, William J. Aceves.
250 _a1st ed.
260 _a[S.l.] :
_bRoutledge,
_c2012.
300 _a200 p. ;
_c24 cm.
490 1 _aRoutledge critical terrorism studies.
520 _aThis volume examines the lessons and legacies of the U.S.-led "Global War on Terror," utilizing the framework of a political "moral panic." A decade after 9/11, it is increasingly difficult to deny that terror has prevailed – not as a specific enemy, but as a way of life. Transport, trade, and communications are repeatedly threatened and disrupted worldwide. While the pace and intensity of terror attacks have abated, many of the temporary security measures and sacrifices of liberty adopted in their immediate aftermath have become more or less permanent. This book examines the social, cultural, and political drivers of the war on terror through the framework of a "political moral panic": the exploration of threats to particular individuals or institutions that come to be viewed as threats to a way of life, social norms and values, civilization, and even morality itself. Drawing upon a wide range of domestic and international case studies, this volume reinforces the need for reason, empathy, and a dogged defence of principle in the face of terror. This book will be of much interest to students of terrorism studies, human rights, U.S. foreign policy, American politics, and Security Studies and I.R. in general.  
650 0 _aHuman rights
650 0 _aSecurity, International
650 0 _aTerrorism--Political aspects
650 0 _aTerrorism--Religious aspects
650 0 _aTerrorism--Social aspects
650 0 _aWar on Terrorism (2001-2009)
700 1 _aAceves, William J.
700 1 _aMeade, Everard.
700 1 _aShafir, Gershon.
830 0 _aRoutledge critical terrorism studies.
856 4 0 _3Amazon.com
_uhttp://www.amazon.com/exec/obidos/ASIN/0415638410/chopaconline-20
942 _2ddc
_cBK
999 _c14772
_d14772